LEGO Themes by Picture - Statistics

General Stats
  • This quiz has been taken 143 times
    136 since last reset
  • The average score is 64 of 143
Answer Stats
Picture Hint Answer % Correct
2016 Adventure Time
91%
2005-2008, 2011-present Batman
85%
2022-present Avatar (film series)
82%
2011; 2017-2018 Cars
80%
2003-2005 Basketball
79%
2020-2021; 2024 Despicable Me
77%
2006 Avatar: The Last Airbender
75%
2012-present Disney Princess
75%
2001-2005; 2007; 2010-2012; 2016; 2018-present Harry Potter
75%
2008-2009; 2023 Indiana Jones
75%
2016; 2022-present Sonic The Hedgehog
74%
2016 E.T. the Extra-Terrestrial
73%
2011-present Infinity Saga
73%
2012; 2014-present Minecraft
73%
1999-present Star Wars
72%
2020-present Super Mario
72%
2014; 2016; 2018; 2020 Ghostbusters
71%
2010; 2016; 2019; 2022 Lightyear
71%
2011; 2017 Pirates of the Caribbean
71%
2016 The Angry Birds Movie
70%
2016-2018 The LEGO Batman Movie
70%
2012; 2016; 2019-2023 Mickey Mouse & Friends
69%
2011-current Ninjago
69%
2015-2017 Scooby-Doo
69%
2002-2004, 2012-present Spider-Man
69%
2006-2009; 2011-2012 SpongeBob SquarePants
69%
2014-2015; 2017-2019 The LEGO Movie
69%
2013 Planes
68%
2013-2014 Teenage Mutant Ninja Turtles
68%
1978-2013; 2024 Space
67%
2017-2018 The LEGO Ninjago Movie
67%
2014-2015 The Simpsons
67%
2010; 2018-2019 Toy Story
67%
2024 Animal Crossing
66%
2010 Ben 10: Alien Force
66%
2017 Beetlejuice
65%
2005-present City
65%
2014 Teenage Mutant Ninja Turtles the Movie
65%
2001-2002; 2008; 2010; 2015-2016; 2022 BIONICLE
64%
2015; 2018-present Jurassic World
64%
2019-2022 Stranger Things
64%
2012-2014 The Hobbit
64%
2016; 2018-2019 The Incredibles
64%
1999-2001; 2011; 2021 Winnie the Pooh
64%
2013; 2015; 2018; 2022 Back to the Future
63%
2012-2013; 2023-present The Lord of the Rings
63%
2016 Gremlins
62%
2020 Trolls: World Tour
62%
2021 Looney Tunes
60%
1989-1997; 2001-2002; 2004; 2015; 2020 Pirates
60%
2022 The Muppets
60%
2000; 2002 Coca-Cola
59%
2016; 2018 Fantastic Beasts and Where to Find Them
59%
2014-2015; 2017-2018 Teen Titans GO!
59%
2019 The Flintstones
58%
2012-present Friends
57%
2013-2015 Legends of Chima
57%
1998-2000 Ninja
57%
2014-2015; 2018-2019 Unikitty!
57%
1975-1977; 1979-2002; 2004-present DUPLO
56%
2018 - 2019 Overwatch
55%
1978-1997 Castle
54%
2017-2018 The Powerpuff Girls
54%
2015 Doctor Who
53%
2015-present Speed Champions
52%
2015 The Big Bang Theory
52%
2013 The Lone Ranger
50%
2016 Mission Impossible
49%
2015; 2017 The Wizard of Oz
49%
2005-2007 Vikings
49%
2010 Prince of Persia: The Sands of Time
47%
2015-2018 Nexo Knights
46%
2015 Portal 2
46%
2008-2009 Agents
43%
2014-2016 Mixels
43%
2023-present Dreamzzz
42%
2022; 2024 Horizon: Forbidden West
42%
2016 The A-Team
41%
2020-present Monkie Kid
40%
2004-present Ferrari
38%
2017 The Goonies
38%
2011-2012 Heroica
36%
2010-2011 Atlantis
34%
2019; 2021 Friends (TV Series)
34%
2010-2014 Hero Factory
34%
2009-2010 Power Miners
34%
1998-2003; 2010; 2014; 2019; 2024 Adventurers
33%
1998-present Mindstorms
33%
2003 Discovery
32%
2019-2020 Hidden Side
32%
1979-1989 Fabuland
31%
2003-2004 Hockey
31%
1999-2005 Nestlé
31%
2011 Alien Conquest
30%
2007 Castle (2007)
30%
2013 Castle (2013)
30%
2017 DC Super Hero Girls
30%
2006-2008 Exo-Force
30%
2017 Knight Rider
28%
2009-2010 Space Police III
28%
2008 Speed Racer
28%
2021 Vidiyo
28%
2014-2016 Ultra Agents
26%
1987-1991 Blacktron
25%
2024 Dune
25%
2015-2018 Elves
25%
2012 Monster Fighters
25%
2021 Queer Eye
22%
1992-1993: 1998 Space Police II
22%
2001-2003 Jack Stone
21%
1990-1991; 1993 M:Tron
21%
1994 - 2009 Belville
20%
2004-2006 Knights' Kingdom II
20%
2016 Midway Arcade
20%
2000-2002 Studios
20%
1995-1999 Aquazone
19%
2002-2003 Galidor
19%
2007-2009 Mars Mission
19%
1996; 1999-2001 Town
19%
2024-present Dungeons & Dragons
18%
2010-2012 Kingdoms
18%
2012 Dino
17%
2010 World Racers
17%
2002-2004 Drome Racers
16%
2013 Galaxy Squad
16%
2006-2008 Paul Frank
16%
2001-2005 Alpha Team
15%
2007 Aqua Raiders
15%
1993-1995; 1999 Ice Planet 2002
15%
2011-2013 Master Builder Academy
14%
2011 Pharaoh's Quest
14%
2001 Crash It Racers
13%
2000-2006 Knights' Kingdom
13%
2005 Dino 2010/Dino Attack
11%
1998-1999 Insectoids
10%
2001 Life on Mars
10%
1996-1997 Exploriens
9%
1987-1990 Futron
8%
1997 Roboforce
8%
1994-1996; 1999 Spyrius
8%
1997-1999 UFO
8%
1994-1995 Unitron
8%
1998-1999 Extreme Team
7%
No matching quizzes found
Score Distribution
Percent of People with Each Score
Percentile by Number Answered
Your Score History
You have not taken this quiz since the last reset